Exención en ingresos brutos para las industrias con establecimiento fuera de CABA (Registro nro. 13942)

Detalles MARC
000 -LEADER
fixed length control field 00371 a2200109 4500
001 - CONTROL NUMBER
control field ART_45636
005 - DATE AND TIME OF LATEST TRANSACTION
control field 20260410161648.0
008 - FIXED-LENGTH DATA ELEMENTS--GENERAL INFORMATION
fixed length control field 260409a
100 1# - MAIN ENTRY--PERSONAL NAME
Personal name Januszewski, Karina
245 10 - TITLE STATEMENT
Title Exención en ingresos brutos para las industrias con establecimiento fuera de CABA
773 0# - HOST ITEM ENTRY
Title Consultor tributario
Related parts - Año 12, Nº 133 (mar. 2018)
Record control number REV474

No hay ítems disponibles.